01754nam a2200289Ia 4500003000500000005001700005008004100022020003000063040002300093082002100116100003100137245015200168260005100320300005000371500007200421504005100493521001000544650044900554651001701003654009801020690001401118700009901132710003401231942004701265999001901312952013301331322820250704102922.0210825s9999 xx 000 0 und d a9781868 145119qPaperback aRDAbENGLISHc3228 a362.1969792 DICK a Dickinson, David 9194788 0aChanging the course of AIDS:b peer education in South Africa and its lessons for the global crisiscDavid Dickinson ; foreword by Charles Deutsch. aJohannesburg : bWits University Press,c2010. axiii, 252 pagesbColour illustrations:c24 cm aOriginally published: Ithaca, N.Y.: Cornell University Press, 2009. aIncludes bibliographical references and index. aAdult 2"Empowered with information I have influenced a lot of people" : the quest for behavioral change -- "People are dying, but they don't listen when we tell them" : the corporate response to HIV/AIDS in South Africa -- "For the love of people" : peer education as a response from below -- Backstage social divisions -- Slipping out of order -- To speak with one voice -- Social space, leadership, and action : peer education and behavioral change. aSouth Africa 2AIDS (Disease) Health education Occupational health services Peer counseling South Africa 2631021193 aCharles Deutsch, Hybridesign, South Africa, Creda Communications, South Africa.d1963-9194819 aWits University Press9185419 cBOOK2ddcy12663zPriscilla Nozizwe Mogale c503020d503019 00102ddc40708300aMKHULbMKHULcNon_Fictiond2025-07-04l0o362.1969792 DICKp33228 02064596 4r2025-07-04w2025-07-04yBOOK